|
|
|
|
| LEADER |
00000naa2a2200000 4500 |
| 001 |
615764 |
| 005 |
20231101132856.0 |
| 035 |
|
|
|a (RuTPU)RU\TPU\conf\13979
|
| 035 |
|
|
|a RU\TPU\conf\13978
|
| 090 |
|
|
|a 615764
|
| 100 |
|
|
|a 20151118d2015 k y0rusy50 ca
|
| 101 |
0 |
|
|a rus
|
| 102 |
|
|
|a RU
|
| 105 |
|
|
|a y z 101zy
|
| 135 |
|
|
|a drcn ---uucaa
|
| 181 |
|
0 |
|a i
|
| 182 |
|
0 |
|a b
|
| 200 |
1 |
|
|a Вопросы построения системы безопасности ВУЗ на основе RFID-технологий
|f А. В. Годовых, А. А. Мерзляков
|
| 203 |
|
|
|a Текст
|c электронный
|
| 225 |
1 |
|
|a Автоматизация и информатизация технологий и объектов атомной отрасли
|
| 230 |
|
|
|a 1 компьютерный файл (pdf; 186 Кb)
|
| 300 |
|
|
|a Заглавие с титульного экрана
|
| 337 |
|
|
|a Adobe Reader
|
| 463 |
|
0 |
|0 (RuTPU)RU\TPU\conf\13155
|t VI Школа-конференция молодых атомщиков Сибири
|o сборник тезисов докладов, 14-16 октября 2015 г., г. Томск
|f Росатом ; Томская область, Администрация ; Сибирский химический комбинат (СХК) ; Национальный исследовательский Томский политехнический университет (ТПУ) ; Национальный исследовательский ядерный университет "МИФИ", Северский технологический институт (СТИ)
|v [С. 123]
|d 2015
|
| 610 |
1 |
|
|a труды учёных ТПУ
|
| 610 |
1 |
|
|a электронный ресурс
|
| 610 |
1 |
|
|a система безопасности
|
| 610 |
1 |
|
|a мониторинг
|
| 610 |
1 |
|
|a RFID-технологии
|
| 610 |
1 |
|
|a материальные носители
|
| 700 |
|
1 |
|a Годовых
|b А. В.
|c физик
|c старший преподаватель Томского политехнического университета
|f 1983-
|g Алексей Валерьевич
|2 stltpush
|3 (RuTPU)RU\TPU\pers\25483
|
| 701 |
|
1 |
|a Мерзляков
|b А. А.
|
| 712 |
0 |
2 |
|a Национальный исследовательский Томский политехнический университет (ТПУ)
|b Физико-технический институт (ФТИ)
|b Кафедра физико-энергетических установок (№ 21) (ФЭУ)
|h 48
|2 stltpush
|3 (RuTPU)RU\TPU\col\18730
|
| 801 |
|
2 |
|a RU
|b 63413507
|c 20210216
|g RCR
|
| 856 |
4 |
|
|u http://earchive.tpu.ru/handle/11683/22364
|
| 856 |
4 |
|
|u http://www.lib.tpu.ru/fulltext/c/2015/C63/104.pdf
|
| 942 |
|
|
|c BK
|